| 000 | 01505cam a2200373 a 4500 | ||
|---|---|---|---|
| 999 |
_c21515 _d21515 |
||
| 001 | 15954080 | ||
| 005 | 20170121145453.0 | ||
| 008 | 091021s2010 at a b 001 0 eng | ||
| 010 | _a 2009939687 | ||
| 020 | _a9780324789621 (hbk.) | ||
| 020 | _a0324789629 (hbk.) | ||
| 020 | _a0324789629 | ||
| 050 | 0 | 0 | _aHD58.9 .M45 2011 |
| 100 | 1 | _aMello, Jeffrey A. | |
| 245 | 1 | 0 |
_aStrategic human resource management / _cJeffrey A. Mello. |
| 250 | _a3rd ed. | ||
| 260 |
_aAustralia ; _aMason, OH : _bSouth Western Cengage Learning, _cc2011. |
||
| 300 |
_axix, 690 p. : _bill. ; _c26 cm. |
||
| 504 | _aIncludes bibliographical references and indexes. | ||
| 650 | 0 | _aOrganizational effectiveness. | |
| 650 | 0 |
_aOrganizational effectiveness _vCase studies. |
|
| 650 | 0 | _aStrategic planning. | |
| 650 | 0 | _aHuman capital. | |
| 650 | 0 | _aLabor productivity. | |
| 650 | 0 | _aPersonnel management. | |
| 856 | 4 | 2 |
_3Contributor biographical information _uhttp://www.loc.gov/catdir/enhancements/fy1303/2009939687-b.html |
| 856 | 4 | 2 |
_3Publisher description _uhttp://www.loc.gov/catdir/enhancements/fy1303/2009939687-d.html |
| 856 | 4 | 1 |
_3Table of contents only _uhttp://www.loc.gov/catdir/enhancements/fy1303/2009939687-t.html |
| 942 |
_2lcc _cBOOKS _hHD58.9 .M45 2011 |
||